[Event "HCL-A2630"]
[Site "www.playchess.de"]
[Date "2006.03.21"]
[Round "4"]
[White "IRONMAIDEN"]
[Black "oyetola"]
[WhiteElo "1202"]
[BlackElo "1452"]
[PlyCount "32"]
[Result "0-1"]

1.c4 {hello and a good game!}  d5 2.cxd5 Qxd5 
3.Nc3 Qf5 4.d4 b6 5.Nf3 Bb7 6.e3 Nc6 7.Bd3 Qg4 
8.O-O h5 9.Be2 h4 10.Ne5 Qe6 11.Bf3 O-O-O 12.a3 
Nxe5 13.Qe2 Nxf3+ 14.gxf3 h3 15.Kh1 Qg4 16.Rg1 
Bxf3+ 0-1

[Event "HCL-C4098"]
[Site "www.playchess.de"]
[Date "2006.03.21"]
[Round "8"]
[White "newplayer"]
[Black "winnetou"]
[WhiteElo "1055"]
[BlackElo "860"]
[PlyCount "65"]
[Result "1-0"]

1.e4 e5 2.d4 Bd6 3.d5 Nf6 4.Bg5 h6 5.Bxf6 Qxf6 
6.f3 Bc5 7.g3 b6 8.a3 d6 9.Qd3 Ba6 10.Qd1 b5 11.a4 
Qg5 12.axb5 Qe3+ 13.Qe2 Qc1+ 14.Qd1 Qxb2 15.Rxa6 
Nxa6 16.bxa6 Rb8 17.Bd3 Qd4 18.c3 Qe3+ 19.Qe2 Qc1+ 
20.Qd1 Bf2+ 21.Ke2 Qb2+ 22.Qd2 Qb6 23.Nh3 c6 
24.Nxf2 O-O 25.dxc6 Rfc8 26.Na3 Qb3 27.Nc4 Rxc6 
28.Na5 Qb2 29.Nxc6 Qxd2+ 30.Kxd2 Rb2+ 31.Bc2 g5 
32.Nxa7 Kg7 33.Rb1 1-0

[Event "HCL-A2634"]
[Site "www.playchess.de"]
[Date "2006.03.21"]
[Round "5"]
[White "Nulnulnix"]
[Black "shadow_cup"]
[WhiteElo "1336"]
[BlackElo "1280"]
[PlyCount "76"]
[Result "0-1"]

1.e4 {Hi, enjoy this game}  e6 {Hi - Same to 
yourself ^_^}  2.Nc3 c5 3.Nf3 a6 4.d4 b5 5.a3 Bb7 
6.Be3 Qc7 7.Be2 Nf6 8.e5 Nd5 9.Nxd5 Bxd5 10.c3 c4 
11.Qc2 Be7 12.O-O Nc6 13.Ng5 h6 14.Nh3 a5 15.Bh5 
a4 16.Nf4 g6 17.Nxg6 fxg6 18.Qxg6+ Kd8 19.Bxh6 Kc8 
20.Bg7 Rg8 21.Qh7 Kb7 22.Bf7 Rgd8 23.g3 Bf8 24.Bf6 
Be7 25.Qh4 Bxf6 26.exf6 Rdh8 27.Qg4 Raf8 28.Qg7 
Nd8 29.Bg6 Rfg8 30.Qe7 Rxg6 31.f7 Nxf7 32.Qxf7 
Rgh6 33.f3 R6xh2 34.Qg7 R8h3 35.Qe5 Qxe5 36.dxe5 
Rxb2 37.Rf2 Rxg3+ 38.Kf1 Rxf2+ 0-1

[Event "HCL-A2630"]
[Site "www.playchess.de"]
[Date "2006.03.21"]
[Round "10"]
[White "oyetola"]
[Black "superyetkin"]
[WhiteElo "1452"]
[BlackElo "1265"]
[PlyCount "49"]
[Result "1-0"]

1.e4 b6 2.Nf3 Bb7 3.Nc3 Nf6 4.Bc4 d6 5.d3 e5 6.Ng5 
d5 7.exd5 Nxd5 8.Qf3 Qd7 9.Nxd5 h6 10.Nf6+ gxf6 
11.Qxb7 Qc6 12.Bb5 Qxb5 {excellent move}  13.Qxa8 
hxg5 14.Qxb8+ Ke7 15.Qxc7+ Qd7 16.Qc4 Bh6 17.h4 
gxh4 18.Bxh6 Rxh6 19.Rxh4 Rxh4 20.Qxh4 Qb5 
21.O-O-O Qd5 22.g3 Qxa2 23.Qb4+ Ke6 24.Qc4+ Qxc4 
{a reason to resign}  25.dxc4 1-0

[Event "HCL-B3957"]
[Site "www.playchess.de"]
[Date "2006.03.21"]
[Round "2"]
[White "larese"]
[Black "eisbaer17"]
[WhiteElo "763"]
[BlackElo "1339"]
[PlyCount "24"]
[Result "0-1"]

1.d4 d5 2.c4 e5 3.dxe5 d4 4.Nf3 Nc6 5.b3 Bg4 
6.Nbd2 Bb4 7.a3 Bc3 8.Ra2 Qe7 9.h3 Bxf3 10.exf3 
Nxe5 11.Be2 d3 12.Bf1 Nxf3+ 0-1

[Event "HCL-E1546"]
[Site "www.playchess.de"]
[Date "2006.03.21"]
[Round "7"]
[White "FlatoA"]
[Black "Glomp"]
[WhiteElo "1424"]
[BlackElo "1552"]
[PlyCount "52"]
[Result "0-1"]

1.e4 c5 2.b4 cxb4 3.d4 d5 4.e5 Bf5 5.Nf3 Nc6 6.Bd3 
Bxd3 7.Qxd3 e6 8.O-O Nge7 9.Bd2 Ng6 10.h3 Be7 
11.c4 dxc4 12.Qxc4 O-O 13.Be3 Rc8 14.Qe2 Nh4 
15.Nbd2 Nf5 16.Nb3 Nxe3 17.fxe3 a5 18.Rac1 Qb6 
19.Qd3 Rfd8 20.Qe4 a4 21.Nbd2 b3 22.axb3 axb3 
23.Nc4 Qa6 24.Qb1 Nxd4 25.exd4 Rxc4 26.Qxb3 
b5 0-1

[Event "HCL-A2663"]
[Site "www.playchess.de"]
[Date "2006.03.21"]
[Round "10"]
[White "ventura72"]
[Black "shadow_cup"]
[WhiteElo "1600"]
[BlackElo "1523"]
[PlyCount "82"]
[Result "1/2-1/2"]

1.Nf3 c5 {Have a good game :)}  2.g3 b5 3.Bg2 Bb7 
4.O-O Qb6 5.d3 Nf6 6.e4 e6 7.Nbd2 d5 8.Re1 Be7 
9.exd5 Nxd5 10.Nf1 Nd7 11.Ne5 Nxe5 12.Rxe5 Bf6 
13.Re1 O-O 14.Ne3 Rfd8 15.Ng4 Be7 16.Bf4 c4 
17.Bxd5 Bxd5 18.d4 Bb7 19.c3 Qc6 20.f3 Qxf3 
21.Qxf3 Bxf3 22.Ne5 Bd5 23.Ng4 b4 24.Ne3 bxc3 
25.bxc3 h6 26.Rab1 Bd6 27.Bxd6 Rxd6 28.Nxd5 Rxd5 
29.Rb7 Ra5 30.Re2 Ra3 31.Rc2 Rc8 32.Kf2 g6 33.Ke2 
Rc6 34.Kd2 Rca6 35.Rbb2 Rb6 36.Rxb6 axb6 37.Rb2 
Ra5 38.Kc1 b5 39.Kb1 Kg7 40.Re2 Kf6 41.Re5 Ke7 
{(offering draw)}  1/2-1/2

[Event "HCL-A2663"]
[Site "www.playchess.de"]
[Date "2006.03.21"]
[Round "15"]
[White "shadow_cup"]
[Black "Ulpe"]
[WhiteElo "1523"]
[BlackElo "1648"]
[PlyCount "109"]
[Result "0-1"]

1.e3 {Hello - Have a good game. ^_^}  d5 2.c4 e6 
3.Nc3 Nf6 4.Nf3 c6 5.a3 Bd6 6.b4 O-O 7.Bb2 Nbd7 
8.c5 Bc7 9.Be2 e5 10.d4 e4 11.Nd2 Ne8 12.a4 f5 
13.g3 a6 14.a5 Ndf6 15.h3 Be6 16.Qc2 Nd7 17.O-O-O 
Nef6 18.Rdg1 Qe8 19.Qd1 Qg6 20.Nf1 Rae8 21.Na2 Kf7 
22.Kc2 Ke7 23.Bc3 Kd8 24.Nc1 Kc8 25.Nb3 Qf7 26.Be1 
g5 27.Qc1 f4 28.gxf4 gxf4 29.exf4 Nh5 30.Bxh5 Qxh5 
31.Bd2 Rf6 32.Ng3 Qf7 33.Be3 Bxf4 34.Nd2 Bc7 
35.Qd1 Rg8 36.Ndf1 Rfg6 37.Qh5 Nf6 38.Qh4 Bd8 
39.Qf4 h5 40.Ne2 R6xg1 41.Rxg1 Bxh3 42.Rxg8 Qxg8 
43.Nfg3 Bg4 44.Qg5 Qh7 45.Nf4 h4 46.Nf1 h3 47.Nh2 
Bd7 48.Qg6 Qxg6 49.Nxg6 Ng4 50.Nxg4 Bxg4 51.Bf4 
Bf5 52.Ne5 e3+ 53.Kd1 exf2 54.Ke2 Bh4 
55.Nf3 0-1

[Event "HCL-A2629"]
[Site "www.playchess.de"]
[Date "2006.03.21"]
[Round "30"]
[White "froilo"]
[Black "nico21"]
[WhiteElo "1490"]
[BlackElo "1513"]
[PlyCount "102"]
[Result "0-1"]

1.Nf3 Nc6 2.b3 d6 3.Bb2 e5 4.e4 a6 5.Be2 g6 6.O-O 
Bg7 7.d3 Nf6 8.Nbd2 O-O 9.h3 b5 10.a3 Nb8 11.Nh2 
c5 12.f4 exf4 13.Rxf4 Bb7 14.Rb1 Nbd7 15.Ng4 Nxg4 
16.Bxg4 Bxb2 17.Rxb2 Nf6 18.Be2 Re8 19.Qa1 Re6 
20.Rb1 Nd7 21.Bg4 Re7 22.Rbf1 Ne5 23.Be2 Qd7 
24.Nf3 Nxf3+ 25.Bxf3 Rf8 26.Bg4 Qe8 27.Qf6 d5 
28.h4 dxe4 29.h5 Qd8 30.Kh2 Ree8 31.Qb2 e3 32.Be2 
Qg5 33.g3 Qe5 34.Qxe5 Rxe5 35.hxg6 hxg6 36.Rh4 Kg7 
37.c3 Ree8 38.g4 Rfh8 39.Kg3 Rxh4 40.Kxh4 Rh8+ 
41.Kg3 g5 42.d4 cxd4 43.cxd4 Rh1 44.Rxh1 Bxh1 
45.Bf3 Bxf3 46.Kxf3 f5 47.gxf5 {(offering draw)}  
Kf6 48.d5 Kxf5 49.d6 Ke6 50.Kxe3 Kxd6 51.Kf3 
Kd5 0-1

[Event "HCL-B3945"]
[Site "www.playchess.de"]
[Date "2006.03.21"]
[Round "10"]
[White "chessworm"]
[Black "patzer55"]
[WhiteElo "1759"]
[BlackElo "1485"]
[PlyCount "77"]
[Result "1-0"]

1.g3 d5 2.Bg2 e5 3.e4 Nf6 4.exd5 Nxd5 5.d3 Nc6 
6.a3 Bc5 7.Nc3 Qf6 8.Ne4 Qe7 9.Nf3 Bd6 10.O-O O-O 
11.Re1 Bg4 12.c3 f5 13.Bg5 Qf7 14.Nxd6 cxd6 15.h3 
Bh5 16.Qd2 h6 17.Be3 Nxe3 18.Qxe3 f4 19.gxf4 Bxf3 
20.Qxf3 Qxf4 21.Qxf4 Rxf4 22.b4 Rb8 23.Rad1 Ne7 
24.c4 b6 25.d4 Ng6 26.dxe5 dxe5 27.Be4 Nh4 28.Bd5+ 
Kh7 29.Rxe5 Nf3+ 30.Bxf3 Rxf3 31.Re3 Rf7 32.Rc1 
Rbf8 33.Rc2 R7f5 34.c5 Rc8 35.c6 Rf7 36.b5 Rf6 
37.Re7 Rg6+ 38.Kf1 Rd6 39.Rxa7 1-0

[Event "HCL-M905"]
[Site "www.playchess.de"]
[Date "2006.03.21"]
[Round "6"]
[White "dynachess"]
[Black "Eishockeytorwart"]
[WhiteElo "2236"]
[BlackElo "1997"]
[PlyCount "69"]
[Result "1-0"]

1.d4 {hi from France. have a good game}  d5 
{welcome from germany}  2.Nf3 Bg4 3.Ne5 Bf5 4.c4 
f6 5.Nf3 e6 6.Qb3 Nc6 7.c5 b6 8.Qa4 Nge7 9.e3 a6 
10.Be2 bxc5 11.dxc5 Qd7 12.Nc3 Ne5 13.Nd4 Qxa4 
14.Nxa4 N5c6 15.Nxf5 Nxf5 16.Bd2 Be7 17.b4 O-O 
18.O-O Rfb8 19.a3 a5 20.b5 Ne5 21.Rfc1 d4 22.b6 
dxe3 23.fxe3 cxb6 24.cxb6 Nd6 25.Bc3 Ndf7 26.Bd4 
Bd6 27.Rab1 Rb7 28.Nc5 Bxc5 29.Rxc5 Nd7 30.Rc7 Nd6 
31.Rxb7 Nxb7 32.Rc1 e5 33.Rc7 exd4 34.Rxd7 Rb8 
35.exd4 1-0

[Event "HCL-M844"]
[Site "www.playchess.de"]
[Date "2006.03.21"]
[Round "17"]
[White "Munny"]
[Black "ktln2001"]
[WhiteElo "1767"]
[BlackElo "1688"]
[PlyCount "47"]
[Result "1-0"]

1.e4 {Hello and good luck!}  e6 {Greetings from 
the home of the Kentucky Derby.}  2.d4 {And, more 
important for me, home of baseball bats.}  d5 
{Yes, and on the off-chance that you are not 
familiar with the musem page: http://www.sluggermuseum.org/index.aspx} 
 3.Nc3 {Thank you.}  Nf6 {You are welcome.}  4.Bg5 
dxe4 5.Nxe4 Be7 6.Bxf6 Bxf6 7.Nf3 Nd7 8.Qd2 O-O 
9.O-O-O Be7 10.Bd3 c5 11.dxc5 Qc7 12.h4 Nxc5 
13.Nxc5 Qxc5 14.Ng5 h6 15.Ne4 Qb6 16.g4 f5 17.gxf5 
exf5 18.Nc3 Rd8 19.Qe2 Bf6 20.Bc4+ Kf8 21.Rxd8+ 
Qxd8 22.Qh5 Qe7 23.Nd5 Qe8 {GM! That's what comes 
of moving to faston my part. Q should have moved 
here previous move.}  24.Nxf6 {That's right.} 
 1-0

[Event "HCL-C4217"]
[Site "www.playchess.de"]
[Date "2006.03.21"]
[Round "3"]
[White "danielborges_89"]
[Black "kaio"]
[WhiteElo "800"]
[BlackElo "800"]
[PlyCount "25"]
[Result "1-0"]

1.e4 d5 2.Nc3 Nf6 3.e5 Ne4 4.Nce2 Nd7 5.d4 f6 
6.Nf4 Ng5 7.Qh5+ g6 8.Nxg6 hxg6 9.Qxh8 Nf7 10.Qg8 
g5 11.e6 Nh6 12.Qg6+ Nf7 13.exf7+ 1-0

[Event "HCL-E1597"]
[Site "www.playchess.de"]
[Date "2006.03.21"]
[Round "8"]
[White "Maccdavid"]
[Black "redstar"]
[WhiteElo "1579"]
[BlackElo "1654"]
[PlyCount "61"]
[Result "1/2-1/2"]

1.e4 {Hello and good luck}  c5 {Thanks, same to 
you.}  2.Nf3 e6 3.c3 d5 4.e5 Nc6 5.Bb5 a6 6.Bxc6+ 
bxc6 7.d4 cxd4 8.cxd4 Qb6 9.O-O c5 10.dxc5 Bxc5 
11.Nc3 Bd7 12.Na4 Qa7 13.Nxc5 Qxc5 14.Be3 Qb4 
15.b3 Ne7 16.Rc1 Ng6 17.Bc5 Qa5 18.Qc2 Nf4 19.Nd4 
Rc8 20.b4 Qc7 21.Rfe1 Ng6 22.Bd6 Qxc2 23.Rxc2 Rxc2 
24.Nxc2 Bb5 25.Na3 Bc6 26.Nc2 Kd7 27.Nd4 Rc8 
28.Bc5 Ba4 29.f4 Ne7 30.Re3 Nc6 31.Nxc6 {(offering 
draw) Are you happy for a draw?} 
 1/2-1/2

[Event "HCL-A2645"]
[Site "www.playchess.de"]
[Date "2006.03.21"]
[Round "33"]
[White "shadow_cup"]
[Black "Vinci"]
[WhiteElo "1452"]
[BlackElo "1606"]
[PlyCount "34"]
[Result "0-1"]

1.e3 {Have a good game}  Nf6 {hi and i wish us an 
exciting game!}  2.c4 {Let us hope :)}  e5 3.Nf3 
Nc6 4.d4 e4 5.Nfd2 d5 6.cxd5 Qxd5 7.Bc4 Qg5 8.g3 
Bb4 9.a3 Ba5 10.b4 Bb6 11.Nc3 Bf5 12.O-O Qh6 
13.Qc2 Ng4 14.h4 Nxe3 15.fxe3 Qxe3+ 16.Kh2 Nxd4 
17.Qd1 Qxc3 0-1

[Event "HCL-C4205"]
[Site "www.playchess.de"]
[Date "2006.03.21"]
[Round "10"]
[White "foxcar"]
[Black "ivofle"]
[WhiteElo "1222"]
[BlackElo "840"]
[PlyCount "59"]
[Result "1-0"]

1.d4 {hi, have a good game}  d5 {good game for 
you.....}  2.Nc3 Nf6 3.Bf4 Na6 4.e3 Bf5 5.Bb5+ Nd7 
6.Bxa6 bxa6 7.Nxd5 e5 8.dxe5 c6 9.Nc3 Bb4 10.Nge2 
O-O 11.a3 Bc5 12.b4 Be7 13.e4 Be6 14.O-O Bh4 15.a4 
Qe7 16.Qd6 Qe8 17.Qxc6 Qe7 18.g3 Nb8 19.Qxa8 Bc4 
20.Nd5 Bxd5 21.Qxd5 Nd7 22.gxh4 Qxh4 23.Qxd7 h6 
24.Qd4 Qg4+ 25.Bg3 Qxe2 26.Qd3 Qh5 27.Qxa6 Kh7 
28.Qxa7 Kg6 29.Qc5 f5 30.Qxf8 1-0

[Event "ACL-T164"]
[Site "www.playchess.de"]
[Date "2006.03.21"]
[Round "11"]
[White "lontjr"]
[Black "reddog"]
[WhiteElo "1761"]
[BlackElo "1141"]
[PlyCount "41"]
[Result "1/2-1/2"]

1.e4 Nc6 2.d4 d5 3.exd5 {Greetings from USA North 
Carolina.  Had a nice visit to London last 
Christmas.  Where are you from?}  Qxd5 {Hello, I'm 
pleased you enjoyed your stay in London. We are 
from a small town in Suffolk, England, about 70 
miles north of London. Good luck in this game.}  
4.Nf3 Bg4 5.Be2 O-O-O 6.c4 Qa5+ 7.Bd2 Qf5 8.d5 
Bxf3 9.dxc6 Bxe2 10.cxb7+ Kxb7 11.Qxe2 Nf6 12.O-O 
Qd3 13.Qxd3 Rxd3 14.Bc3 Ne4 15.Re1 Nxc3 16.Nxc3 
Rd4 17.b3 e6 18.Red1 Bc5 19.Na4 Rxd1+ 20.Rxd1 Bb4 
21.f4 {(offering draw) Looking pretty even...} 
 1/2-1/2

[Event "HCL-B3957"]
[Site "www.playchess.de"]
[Date "2006.03.21"]
[Round "6"]
[White "larese"]
[Black "chn"]
[WhiteElo "763"]
[BlackElo "1266"]
[PlyCount "65"]
[Result "1-0"]

1.d4 d5 2.c4 Nc6 3.c5 e6 4.Nf3 b6 5.Be3 Na5 6.g3 
Nc4 7.Qc2 b5 8.a4 b4 9.b3 Nxe3 10.fxe3 f5 11.Ne5 
Qg5 12.Qd3 a5 13.Nd2 Nf6 14.Ndf3 Qh5 15.h4 Ba6 
16.Qd2 Ne4 17.Qc2 Nxg3 18.Rh3 Nxf1 19.Kxf1 g5 
20.Nxg5 Rg8 21.Nef3 Be7 22.Kg2 Bxg5 23.hxg5 Qg6 
24.Rh6 Qf7 25.Rah1 Rh8 26.Ne5 Qg7 27.Rxe6+ Kf8 
28.Qxf5+ Kg8 29.g6 Rf8 30.Nf7 Rxf7 31.Re8+ Rf8 
32.Qe6+ Qf7 33.Qxf7+ 1-0

[Event "HCL-B3949"]
[Site "www.playchess.de"]
[Date "2006.03.21"]
[Round "9"]
[White "Erbse"]
[Black "dg"]
[WhiteElo "600"]
[BlackElo "1240"]
[PlyCount "41"]
[Result "1-0"]

1.e4 e5 2.Bc4 Nc6 3.Qf3 Qf6 4.Nc3 Bb4 5.Qxf6 Nxf6 
6.d3 Bxc3+ 7.bxc3 h6 8.Nf3 d6 9.d4 exd4 10.cxd4 
Bf5 11.exf5 O-O 12.O-O Ne4 13.Re1 Nc3 14.Bd2 Na4 
15.d5 Nd8 16.Re7 Rc8 17.Rae1 Nc5 18.Bg5 hxg5 
19.Nxg5 f6 20.R7e8 Rxe8 21.Rxe8+ 1-0

[Event "HCL-C4044"]
[Site "www.playchess.de"]
[Date "2006.03.21"]
[Round "2"]
[White "el_lopez"]
[Black "sepp"]
[WhiteElo "800"]
[BlackElo "800"]
[PlyCount "55"]
[Result "1-0"]

1.Nc3 e5 2.e4 Nc6 3.d3 g5 4.Qh5 Be7 5.Be2 Bf6 
6.Bg4 h6 7.Nd5 Nd4 8.Kd2 Ne7 9.Nxf6+ Kf8 10.c3 Nb5 
11.Nf3 Ng6 12.a4 Nd6 13.Nd5 c6 14.Nb4 b6 15.d4 
Nc4+ 16.Kd3 Ba6 17.Nxa6 Nh4 18.Kxc4 d5+ 19.Kd3 Rg8 
20.Qxh6+ Ke8 21.Nxe5 Ng6 22.Bxg5 f6 23.Nxc6 Qd6 
24.Nab8 fxg5 25.e5 Qe6 26.Bxe6 Nf8 27.Bxg8 a5 
28.e6 1-0

[Event "HCL-C4148"]
[Site "www.playchess.de"]
[Date "2006.03.21"]
[Round "32"]
[White "epenz"]
[Black "Mercator"]
[WhiteElo "951"]
[BlackElo "1066"]
[PlyCount "58"]
[Result "0-1"]

1.e4 c5 {Hello again, good luck}  2.Nf3 d6 3.d3 
Nf6 4.Be2 Nc6 5.h3 e5 6.O-O h6 7.c4 Be6 8.Nc3 Qd7 
9.a3 a6 10.Bd2 Nd4 11.Nxd4 cxd4 12.Nb1 Be7 13.b4 
O-O 14.a4 Bxh3 15.f4 exf4 16.Bxf4 Ng4 17.gxh3 Ne3 
18.Bxe3 Qxh3 19.Bxd4 Bh4 20.Rf3 Qg4+ 21.Kh1 f5 
22.Rf1 Qh3+ 23.Kg1 Bg5 24.Rf2 fxe4 25.Rxf8+ Rxf8 
26.Nc3 Bf4 27.Bg4 Qg3+ 28.Kf1 Be3+ 29.Ke2 
Qf2+ 0-1

[Event "HCL-T266"]
[Site "www.playchess.de"]
[Date "2006.03.21"]
[Round "17"]
[White "Idris"]
[Black "Wilmy"]
[WhiteElo "844"]
[BlackElo "1248"]
[PlyCount "48"]
[Result "0-1"]

1.e4 e6 2.d4 d5 3.Nc3 Bb4 4.e5 c5 5.Bd2 cxd4 
6.Nce2 Qb6 7.Bxb4 Qxb4+ 8.c3 Qxb2 9.cxd4 Nc6 
10.Nf3 Nge7 11.g3 Qb4+ 12.Nd2 Nxd4 13.Nxd4 Qxd4 
14.Be2 Qxe5 15.O-O Nc6 16.Bb5 Qf5 17.Bxc6+ bxc6 
18.Qb3 Ba6 19.Rfe1 O-O 20.Rab1 Qf6 21.Rb2 Rfc8 
22.Qa3 Bb5 23.Qc5 Qxb2 24.Re3 Qxd2 0-1

[Event "HCL-C4152"]
[Site "www.playchess.de"]
[Date "2006.03.21"]
[Round "2"]
[White "JMD"]
[Black "Kelthek"]
[WhiteElo "1300"]
[BlackElo "712"]
[PlyCount "63"]
[Result "1-0"]

1.d4 {greetings from Paris}  c5 2.d5 d6 3.e4 Nd7 
4.Nf3 e5 5.Bb5 a6 6.Bd3 Ngf6 7.c4 Nb6 8.h3 g6 
9.Bd2 Bd7 10.Ba5 Ba4 11.b3 Bd7 12.O-O Bh6 13.Nc3 
Nxe4 14.Bxe4 O-O 15.Na4 Bf5 16.Bxf5 gxf5 17.Nxb6 
Rb8 18.Nh2 Qc7 19.Qh5 Bf4 20.Qxf5 f6 21.g3 Bh6 
22.Ng4 Bg5 23.h4 Bd2 24.Bxd2 Qxb6 25.Bh6 Rf7 
26.Nxf6+ Rxf6 27.Qxf6 Qc7 28.Qg5+ Kf7 29.Qg7+ Ke8 
30.Qxc7 Rd8 31.Qxh7 Rd7 32.Qg8+ 1-0

[Event "HCL-T266"]
[Site "www.playchess.de"]
[Date "2006.03.21"]
[Round "35"]
[White "richard"]
[Black "Wilmy"]
[WhiteElo "1897"]
[BlackElo "1248"]
[PlyCount "45"]
[Result "1-0"]

1.e4 e6 2.d4 d5 3.Nc3 Bb4 4.e5 c5 5.a3 Bxc3+ 
6.bxc3 Qa5 7.Bd2 Nc6 8.Qg4 g6 9.Nf3 Nce7 10.h4 
{attack!}  h6 {let's see, how succesful your 
attack will be.}  11.c4 Qa4 12.dxc5 Qxc2 13.cxd5 
Nxd5 14.Bb5+ Bd7 15.Rc1 Qb2 16.Bxd7+ Kxd7 17.Qa4+ 
Ke7 18.O-O b5 19.cxb6 Nxb6 20.Bb4+ Kd8 21.Rfd1+ 
Nd5 22.Qa5+ Ke8 23.Qb5+ {the end is near} 
 1-0

[Event "HCL-C4152"]
[Site "www.playchess.de"]
[Date "2006.03.21"]
[Round "7"]
[White "Idris"]
[Black "Kelthek"]
[WhiteElo "844"]
[BlackElo "712"]
[PlyCount "81"]
[Result "1-0"]

1.e4 {Hello}  e5 {hi}  2.Nf3 Nf6 3.Nxe5 Nxe4 4.Qf3 
Qf6 5.Qxe4 Bd6 6.Ng4+ Qe7 7.Qxe7+ Bxe7 8.d4 d5 
9.Bf4 Bd6 10.Bxd6 cxd6 11.Bb5+ Bd7 12.Bxd7+ Nxd7 
13.O-O O-O 14.Nc3 Nb6 15.Ne3 Nc4 16.Nxc4 dxc4 
17.d5 b5 18.b4 a6 19.a4 Rfe8 20.axb5 axb5 21.Rxa8 
Rxa8 22.Ne4 Rd8 23.c3 Re8 24.Nxd6 Rb8 25.Rd1 Rb6 
26.Ne4 f5 27.Ng5 h6 28.d6 Kf8 29.d7 Rb8 30.d8Q+ 
Rxd8 31.Ne6+ Ke7 32.Nxd8 g5 33.Nc6+ Ke6 34.Nd4+ 
Ke5 35.Nxb5 f4 36.g4 f3 37.Nd4 Kf4 38.h3 Ke4 39.b5 
Kd5 40.b6 Kc5 41.b7 1-0

[Event "HCL-B3914"]
[Site "www.playchess.de"]
[Date "2006.03.21"]
[Round "2"]
[White "ulibear"]
[Black "Mosselman"]
[WhiteElo "1306"]
[BlackElo "1376"]
[PlyCount "24"]
[Result "0-1"]

1.d4 {hallo und viel Glück}  Nf6 {hi, good luck!}  
2.c4 e6 3.Nc3 {haven't we played before? I wonder 
if you gave me some hard lesson on chess the last 
time we met :-)}  Bb4 {yep, we've played twice 
before, according to the statistics on this site, 
in 2004. But your memory is wrong: you beat me 
twice!! Time for revenge... ;-)}  4.Qc2 {no wonder 
at my age .. he he he}  Nc6 {well, it can't be 
that bad...!}  5.Nf3 d5 6.a3 {I truly hope so ...} 
 Bxc3+ 7.Qxc3 Ne4 8.Qc2 O-O 9.e3 Ne7 10.Bd3 Nf6 
11.O-O b6 12.c5 Bb7 0-1

[Event "HCL-B3853"]
[Site "www.playchess.de"]
[Date "2006.03.21"]
[Round "26"]
[White "speedmat"]
[Black "ulibear"]
[WhiteElo "1374"]
[BlackElo "1232"]
[PlyCount "55"]
[Result "1-0"]

1.e4 {Hi good luck}  c6 {thxs and same to you}  
2.d4 d5 3.Nc3 dxe4 4.Nxe4 Bf5 5.Bd3 Bg6 6.Nf3 e5 
7.Qe2 f5 8.Neg5 e4 9.Bc4 Qa5+ 10.Bd2 Qb6 11.Bb3 
Be7 12.Ne5 Bxg5 13.Nxg6 Bxd2+ 14.Qxd2 hxg6 
15.O-O-O Ne7 16.Qf4 Qd8 17.Qe5 Rf8 18.Qxg7 Nd7 
19.Rhe1 Nf6 20.Qh6 Rh8 21.Qxh8+ Neg8 22.Qg7 Qe7 
23.Qxg6+ Kd8 24.Qxf5 Nh6 25.Qe6 Qxe6 26.Bxe6 Ke7 
27.Bh3 Rg8 28.f3 1-0

[Event "HCL-B3955"]
[Site "www.playchess.de"]
[Date "2006.03.21"]
[Round "4"]
[White "Erbse"]
[Black "Veltliner"]
[WhiteElo "600"]
[BlackElo "1272"]
[PlyCount "44"]
[Result "0-1"]

1.e4 e5 {Hallo, schönen Gruß nach Deutschland!}  
2.d4 {Hallo :) Grüß dich Austria!}  exd4 3.Qxd4 
Nc6 4.Qe3 Ne5 5.Nf3 Ng4 6.Qg5 N4f6 7.Qe5+ Ne7 
8.Bc4 d6 9.Qf4 Ng6 10.Qe3 Ng4 11.Qb3 N4e5 12.Bg5 
f6 13.Nxe5 Nxe5 14.f4 Nxc4 15.O-O Nb6 16.e5 fxg5 
17.fxg5 d5 18.Nc3 Be6 19.Ne4 Qd7 20.Nc5 Bxc5+ 
21.Kh1 O-O-O 22.Qf3 {ich werde wohl aufgeben 
müssen :(}  Rhf8 {Ist noch nicht aller Tage Abend, 
aber hast schon recht, so gut schaut's nicht aus. 
Anfang war sehr stark, mich freut's mit dir zu 
spielen!}  0-1

[Event "HCL-A2649"]
[Site "www.playchess.de"]
[Date "2006.03.21"]
[Round "3"]
[White "Crusaders"]
[Black "baggur"]
[WhiteElo "1639"]
[BlackElo "1560"]
[PlyCount "39"]
[Result "1-0"]

1.Nf3 Nf6 2.g3 g6 3.Bg2 Bg7 4.O-O O-O 5.d4 c5 6.c3 
cxd4 7.cxd4 d6 8.Nc3 Nc6 9.Bg5 h6 10.Bxf6 Bxf6 
11.e3 Bg4 12.Qb3 Qd7 13.Rac1 Rac8 14.Nd5 Bg7 
15.Nf4 b6 16.Rc3 Kh7 17.Rfc1 e5 18.R3xc6 Rxc6 
19.Rxc6 Qxc6 20.Ng5+ 1-0

[Event "HCL-B3828"]
[Site "www.playchess.de"]
[Date "2006.03.21"]
[Round "9"]
[White "Kannsnich"]
[Black "Bob-O"]
[WhiteElo "1232"]
[BlackElo "1216"]
[PlyCount "90"]
[Result "0-1"]

1.c4 {hi}  e5 {Hello and good luck to you...}  
2.Nc3 {i hope i dont need luck to beat you Where 
are you from}  c6 {I am from the U.S.A. - Los 
Angeles. What part of Germany are you from?}  3.e4 
{bavaria munich}  Nf6 4.g3 Bc5 5.Bg2 d6 6.Nf3 Ng4 
7.O-O Qb6 8.Qe2 O-O 9.Na4 Qb4 10.Nxc5 Qxc5 11.b3 
b6 12.Bb2 Ba6 13.a4 Qb4 14.Rfb1 Re8 15.Ba3 Qa5 
16.Bxd6 b5 17.axb5 Qb6 18.bxa6 Nxa6 19.h3 Nf6 
20.Bxe5 c5 21.Bxf6 Qxf6 22.Nh4 g6 23.d3 Nb4 
24.Rbe1 a6 25.e5 Qe6 26.Bxa8 Rxa8 27.Kg2 Rd8 
28.Red1 f6 29.Nf3 Re8 30.Rde1 f5 31.Ra5 Qc6 32.Kg1 
h6 33.Nh4 Qe6 34.Rxc5 f4 35.Qd2 Nc6 36.Kh2 g5 
37.Ng2 Nd4 38.Qd1 fxg3+ 39.fxg3 Rf8 40.Rf1 Rb8 
41.Rf6 Qe7 42.Rcc6 Nxc6 43.Rxc6 Qxe5 44.Rxh6 a5 
45.Qh5 Qg7 0-1

[Event "HCL-C4182"]
[Site "www.playchess.de"]
[Date "2006.03.21"]
[Round "6"]
[White "Maneco"]
[Black "ivofle"]
[WhiteElo "1097"]
[BlackElo "807"]
[PlyCount "71"]
[Result "1-0"]

1.e4 {olá amigo}  e5 {sou amiga.Tudo 
bem,obrigada.E você ?}  2.Nf3 {desculpe. agora 
fiquei preocupado. não consigo ganhar de mulher no 
xadrez! boa sorte.}  Nc6 {não precisa se preocupar 
não sou campeã!!!!}  3.d4 f6 4.d5 Nb4 5.Be2 a6 
6.Bd2 Nh6 7.c3 Nxd5 8.exd5 Bc5 9.Bxh6 gxh6 10.O-O 
Qe7 11.Nh4 Qg7 12.Bh5+ Kf8 13.Nf5 Qg5 14.Qg4 Qxg4 
15.Bxg4 Rg8 16.h3 e4 17.Nxh6 Rg6 18.Nf5 c6 19.Bh5 
Rg5 20.Bg4 cxd5 21.b4 Bb6 22.Rd1 h5 23.Rxd5 hxg4 
24.hxg4 Rxg4 25.Rd6 Rf4 26.Rxf6+ Ke8 27.Nd6+ Kd8 
28.Rxf4 e3 29.Kf1 Kc7 30.Nc4 d5 31.Nxb6 Kxb6 
32.fxe3 Be6 33.Nd2 Rh8 34.Kg1 Kc6 35.Nb3 Kb5 
36.Nd4+ 1-0

[Event "HCL-M859"]
[Site "www.playchess.de"]
[Date "2006.03.21"]
[Round "3"]
[White "UVI"]
[Black "Harijs"]
[WhiteElo "1985"]
[BlackElo "1862"]
[PlyCount "133"]
[Result "1/2-1/2"]

1.e4 {Hi! Have a good game}  e5 {Hello from 
Latvia! Good luck!}  2.Nf3 Nf6 3.Nxe5 d6 4.Nf3 
Nxe4 5.d4 d5 6.Bd3 Be7 7.O-O O-O 8.Re1 Bf5 9.c4 
Nc6 10.a3 Re8 11.Nc3 Nxc3 12.bxc3 Qd7 13.Ne5 Nxe5 
14.Bxf5 Qxf5 15.Rxe5 Qd7 16.Rxd5 Qe6 17.Qf1 Bd6 
18.Be3 f5 19.Qd3 f4 20.Bd2 b6 21.Rh5 Qg6 22.Qxg6 
hxg6 23.Rb5 Re2 24.Rb2 Rae8 25.h3 Kf7 26.a4 Be7 
27.Raa2 Bd6 28.a5 {Happy New Year!}  g5 29.axb6 
axb6 30.Kf1 Kf6 31.Rb1 Kf5 32.f3 g6 33.Re1 R2e7 
34.Rxe7 Rxe7 35.Kf2 Re6 36.Ra7 Kf6 37.Bc1 Kf5 
38.Kf1 Kf6 39.Ra8 Be7 40.Ra6 Kf5 41.d5 Re5 42.Ba3 
Bxa3 43.Rxa3 Re7 44.Ra8 Kf6 45.Kf2 Re3 46.Rc8 Re7 
47.Rf8+ Kg7 48.Ra8 Kf6 49.Kf1 Re3 50.Rc8 Re7 
{(offering draw)}  51.Rf8+ {any moves else}  Kg7 
52.Rb8 Kf6 53.d6 cxd6 54.Rxb6 Re6 55.Rc6 Kf7 56.c5 
dxc5 57.Rxc5 Re3 58.Rc7+ Ke6 59.Rc6+ Kf5 60.Kf2 
Re5 61.g4+ fxg3+ 62.Kxg3 Re1 63.Rc5+ Kf6 64.Kf2 
Rh1 65.Kg2 Rd1 66.Rc6+ Kf5 67.Rc7 {(offering 
draw)}  1/2-1/2

[Event "HCL-A2642"]
[Site "www.playchess.de"]
[Date "2006.03.21"]
[Round "9"]
[White "serjo"]
[Black "wbaldan"]
[WhiteElo "1600"]
[BlackElo "1698"]
[PlyCount "78"]
[Result "1-0"]

1.e4 e5 2.Nf3 Nc6 3.Bc4 Bc5 4.Nc3 Nf6 5.d3 O-O 
6.Bg5 h6 7.Bh4 Be7 8.Qd2 d6 9.O-O-O Na5 10.Bb3 
Nxb3+ 11.cxb3 Bd7 12.Kb1 a5 13.Rdc1 a4 14.b4 c5 
15.Bxf6 Bxf6 16.Nd5 b6 17.g3 a3 18.b3 Bg4 19.Qe3 
Rb8 20.h3 Bxf3 21.Qxf3 Re8 22.Nxf6+ Qxf6 23.Qxf6 
gxf6 24.Rc3 Rba8 25.Rhc1 Kf8 26.Kc2 Re7 27.Kd2 Rb7 
28.Ke3 Raa7 29.f4 Rbd7 30.fxe5 fxe5 31.Rf1 Kg7 
32.Kf3 f6 33.Kg4 Rac7 34.Kf5 Kf7 35.h4 cxb4 36.Rc4 
Rxc4 37.dxc4 Rd8 38.Rd1 Rd7 {(offering draw)}  
39.Rd5 {sorry, it's nott a draw}  
Rd8 1-0